[Event "Panevezys op-B"]
[Site "Panevezys"]
[Date "2017.07.07"]
[Round "7"]
[White "Petersons, Ojars"]
[Black "Avotins, Arturs"]
[Result "1/2-1/2"]
[WhiteElo "1699"]
[BlackElo "1708"]
[PlyCount "73"]
[EventDate "2017.07.03"]
[EventType "swiss"]
[EventRounds "9"]
[EventCountry "LTU"]
[SourceTitle "EXT 2018"]
[Source "ChessBase"]
[SourceDate "2017.10.13"]
[SourceVersion "1"]
[SourceVersionDate "2017.10.13"]
[SourceQuality "1"]

1. e4 c5 2. c4 e5 3. Nc3 d6 4. g3 g6 5. Bg2 Bg7 6. Nge2 Ne7 7. 0-0 0-0 8. d3 Bd7 9. h3 a6 10. Be3 Nbc6 11. Qd2 Qc8 12. Kh2 Nd4 13. Nd5 Nxd5 14. cxd5 Nxe2 15. Qxe2 b5 16. Rac1 Qb7 17. f4 f6 18. f5 g5 19. h4 h6 20. Bf3 Be8 21. Bh5 Bf7 22. hxg5 hxg5 23. Rh1 Bxh5 24. Qxh5 Qf7 25. Kg2 Qxh5 26. Rxh5 Kf7 27. Kf3 a5 28. Rhh1 Rfc8 29. Ke2 b4 30. a4 Rh8 31. Kd2 Rhc8 32. Rh2 Rab8 33. Kd1 Rb7 34. d4 exd4 35. Bxd4 Re7 36. Bg1 Rxe4 37. Re2 1/2-1/2